| 000 | 02298nam a2200445Ia 4500 | ||
|---|---|---|---|
| 001 | dia_3417 | ||
| 003 | CHAP | ||
| 005 | 20240815185717.0 | ||
| 007 | ta | ||
| 008 | 220117s1990 sp ao fr 001 0 spa d | ||
| 010 | _a173880 | ||
| 020 | _a84-200-0682-3 | ||
| 040 |
_cCHAP _amxchpua |
||
| 041 |
_aspa _hger |
||
| 050 | 1 |
_aSF263 _b.S36 1990 |
|
| 082 |
_a637.2 _bS36 1990 _220 |
||
| 100 | 1 |
_aSchmidt, Karl-Friedrich _9103057 |
|
| 240 | 1 | 0 |
_aKäse - Butter - Joghurt leicht selbstgemacht. _lEspañol |
| 245 | 1 | 0 |
_aElaboración artesanal de mantequilla, yogur y queso / _cKarl-Friedrich Schmidt ; traductor Oscar Dignoes Torres-Quevedo |
| 250 | _a1a edición | ||
| 264 |
_aEspaña : _bAcribia, _c1990 |
||
| 300 |
_axii, 116 páginas : _bilustraciones, tablas, fotos |
||
| 336 |
_2rdacontent _atexto _btxt |
||
| 337 |
_2rdamedia _ano mediado _bn |
||
| 338 |
_2rdacarrier _avolumen _bnc |
||
| 520 | 2 | _aLas delicias del queso. La leche: materia prima para elaboración del queso.¿Qué se necesita para hacer queso? Ahora empieza la verdadera elaboración del queso. ¿Cómo se transforma la leche en queso fresco (requesón)? Recetas para preparar quesos frescos. Elaboración de quesos blandos. Recetas para preparar quesos de pasta blanda. Elaboración de quesos duros y semiduros. La maduración del queso: un proceso sencillo si nos construimos una caja de maduración. Elaboración de quesos con leche de oveja y cabra. Defectos y alteraciones del queso. El suero: un subproducto útil. Conservación del queso. Elaboración casera de mantequilla. Elaboración del yogur. El kéfir: un alimento tradicional caucasiano. Recetas que tienen como base el queso. Postres preparados con yogur. Yogures bebidos. Recetas para preparar mantequillas aromatizadas. | |
| 650 | 1 | 3 |
_aMantequilla _970586 _2atg |
| 650 | 1 | 3 |
_aProductos lácteos _992124 _2atg |
| 650 | 1 | 3 |
_aQueso _993221 _2atg |
| 650 | 1 | 3 |
_aYogur _9147092 _2atg |
| 650 | 1 | 3 |
_aDairy products _9147027 _2atg |
| 650 | 1 | 3 |
_aCheeses _9148387 _2atg |
| 650 | 1 | 3 |
_aButter _9154647 _2atg |
| 650 | 1 | 3 |
_aYogurt _9123161 _2atg |
| 700 | 1 |
_aDignoes Torres-Quevedo, Óscar _9149495 _etraductor |
|
| 901 | _a637.2 S36 1990 | ||
| 902 | _aM | ||
| 905 | _a5232271990 SP dn 8222223322SPA16 | ||
| 942 |
_cLIBRO _2ddc |
||
| 999 |
_c173880 _d173880 |
||